| 000 | 00560nam a2200241Ia 4500 | ||
|---|---|---|---|
| 003 | OSt | ||
| 005 | 20230403094158.0 | ||
| 008 | 210423s2009 xx 000 0 und d | ||
| 020 | _a9780070085794 | ||
| 040 | _cAL | ||
| 041 | _aeng | ||
| 082 | _a346.07 KUCM | ||
| 100 |
_aKUCHHAL M C) _982114 |
||
| 245 | _aBusiness law | ||
| 250 | _a5 | ||
| 260 |
_aNew Delhi _bVikas Publications _c2009 |
||
| 300 |
_axxv,454 _bPB |
||
| 365 |
_b220 _cINR |
||
| 650 |
_aCommercial Law _982115 |
||
| 650 |
_aLaw _982116 |
||
| 906 | _aBusiness ; law | ||
| 942 |
_2ddc _cBK |
||
| 999 |
_c157893 _d157893 |
||